000
00394nam a2200145Ia 4500
008
100204s9999 xx 000 0 und d
082
_b
48
100
_a
कदम बा.
245
_a
गजरा
260
_b
चंद्र्रकांत शेटये प्रकाशन
_c
"1977,2"
300
_a
168
630
_a
गजरा
730
_a
गजरा
942
_c
BOOK
999
_c
445245
_d
445242